000 00282nam a2200133Ia 4500
100 _aO''''Donnell
942 _cBK
654 _aNavigation
245 _aInertial Navigation & Design
260 _bMcGraw Hill
_c2001
082 _a629.04
_bO'DON
546 _aENGLISH
999 _c20197
_d20197